Guess The College Football Helmet - Statistics

General Stats
  • This quiz has been taken 150 times
  • The average score is 7 of 8
Answer Stats
Picture Answer % Correct
Notre Dame
98%
Alabama
97%
Duke
93%
Ohio State
91%
Eastern Michigan
88%
North Texas
87%
Boise State
79%
Houston
74%
No matching quizzes found
Score Distribution
Percent of People with Each Score
Percentile by Number Answered
Your Score History
You have not taken this quiz